LIBRARY & INFORMATION CENTRE, KCAET, TAVANUR

ONLINE PUBLIC ACCESS CATALOGUE (OPAC)

Building Technology and Valuation / (Record no. 1657)

MARC details
000 -LEADER
fixed length control field 00421cam a2200157ua 4500
020 ## - INTERNATIONAL STANDARD BOOK NUMBER
ISBN 0074519557
082 ## - DEWEY DECIMAL CLASSIFICATION NUMBER
Classification number 690
Item number ART/BU
100 ## - MAIN ENTRY--AUTHOR NAME
Personal name Arthanari, S .
245 ## - TITLE STATEMENT
Title Building Technology and Valuation /
250 ## - EDITION STATEMENT
Edition statement 2 /
260 ## - PUBLICATION, DISTRIBUTION, ETC. (IMPRINT)
Place of publication New Delhi :
Name of publisher Tata Mc-Graw Hill Publishing Company ,
Year of publication 2003
300 ## - PHYSICAL DESCRIPTION
Number of Pages 260 ; .
490 ## - SERIES STATEMENT
Series statement Technical Education Series
700 1# - ADDED ENTRY--PERSONAL NAME
Personal name Angustince, A.G .
942 ## - ADDED ENTRY ELEMENTS (KOHA)
Koha item type Books
Holdings
Withdrawn status Lost status Damaged status Home library Current library Date acquired Full call number Accession Number Koha item type Collection code Shelving location Source of acquisition Cost, normal purchase price
      KAUAET KAUAET 07/04/2012 690 14583 Books        
      KAUAET KAUAET 07/04/2012 690 14585 Books        
      KAUAET KAUAET 11/07/2016 690 ART/BU 24964 Books   General Stacks Aman Book Stall, Calicut 99.00
      KAUAET KAUAET 11/07/2016 690 ART/BU 24965 Books   General Stacks Aman Book Stall, Calicut 99.00
free website counter